|
|
|
|
| LEADER |
00000nab a2200000 a 4500 |
| 001 |
vtls000790852 |
| 003 |
SK-MaSNL |
| 005 |
20260305022608.0 |
| 008 |
141122c2001 xo 0 slo |
| 015 |
|
|
|a SNBRB2002/05-15133
|
| 035 |
|
|
|a CLN000142507
|
| 040 |
|
|
|a SNKBUCL
|b slo
|c SNKBUCL
|e AACR2
|
| 041 |
0 |
|
|a slo
|
| 044 |
|
|
|a xo
|c SK
|
| 080 |
|
|
|a 616-078:579
|2 1997
|
| 245 |
0 |
0 |
|a Quo vadis klinická mikrobiológia
|c D. Kotulová ... [et al.]
|
| 650 |
0 |
7 |
|a klinická mikrobiológia
|2 snkbucl
|9 84091
|
| 650 |
0 |
7 |
|a techniky a postupy diagnostické
|2 snkbucl
|9 853039
|
| 650 |
0 |
7 |
|a techniky bakteriologické
|2 snkbucl
|9 1208384
|
| 650 |
0 |
7 |
|a mikrobiológia
|2 snkbucl
|9 3580
|
| 650 |
0 |
7 |
|a virológia
|2 snkbucl
|9 19067
|
| 650 |
0 |
7 |
|a mykológia
|2 snkbucl
|9 20345
|
| 650 |
0 |
7 |
|a parazitológia
|2 snkbucl
|9 19985
|
| 655 |
|
7 |
|a články z novín a časopisov
|2 snkbucl
|9 267496
|
| 700 |
1 |
|
|a Kotulová, D.
|4 aut
|9 903785
|
| 700 |
1 |
|
|a Petrovičová, Anna
|4 aut
|9 5421
|
| 700 |
1 |
|
|a Volleková, Anna
|4 aut
|9 7318
|
| 700 |
1 |
|
|a Ondriska, František,
|d 1952-
|4 aut
|9 98923
|
| 773 |
0 |
|
|t Správy klinickej mikrobiológie
|g Roč. 1, č. 1 (2001), s. 3-6
|x 1335-8219
|
| 850 |
|
|
|a Slovenská národná knižnica v Martine
|
| 852 |
|
|
|a SNK
|b KIS3GCP
|
| 958 |
|
|
|a MI
|
| 999 |
|
|
|c 3291663
|d 3293593
|